Muscles du membres inférieur - Statistiques

Statistiques générales
  • Ce quiz a été pris 887 fois
  • Le résultat moyen est 18 sur 45
Statistiques - réponses
answer % Correct
semimembraneux
74%
semitendineux
73%
sartorius
71%
biceps fémoral
68%
vaste latéral
67%
vaste médial
67%
gracile
66%
droit fémoral
64%
long adducteur
63%
court adducteur
62%
grand adducteur
62%
vaste intermédiaire
60%
pectiné
57%
grand glutéal
54%
tibial antérieur
53%
moyen glutéal
52%
petit glutéal
52%
piriforme
50%
obturateur interne
48%
obturateur externe
47%
long fibulaire
46%
tibial posterieur
44%
court fibulaire
42%
long extenseur de l'hallux
37%
long extenseur des orteils
37%
long flechisseur de l'hallux
37%
triceps sural
37%
long flechisseur des orteils
36%
tenseur du fascia lata
36%
poplité
30%
psoas-iliaque
23%
carré fémorale
22%
court flechisseur des orteils
19%
abducteur de l'hallux
18%
court flechisseur de l'hallux
18%
adducteur de l'hallux
15%
3e fibulaire
11%
carré plantaire
11%
jumeaux pelviens
9%
abducteur du 5e orteil
5%
opposant du 5e orteil
5%
court extenseur des orteils et de l'hallux
4%
court flechisseur du 5e orteil
4%
interosseux du pied
4%
lombricaux du pied
4%
Aucun quiz correspondant
Distribution des résultats
% des personnes avec chaque résultat
Percentile par nombre de réponses
Votre historique - résultats
Vous n’avez pas pris ce quiz